A review of fiscal measures to benefit heritage conservation (Record no. 107484)

MARC details
000 -LEADER
fixed length control field 01449cad a22002775a 4500
001 - CONTROL NUMBER
control field L140336
008 - FIXED-LENGTH DATA ELEMENTS--GENERAL INFORMATION
fixed length control field 070919s2007 xxko f 000 0 eng d
035 ## - SYSTEM CONTROL NUMBER
System control number (Sirsi) u140336
041 0# - LANGUAGE CODE
Language code of text/sound track or separate title eng
050 04 - LIBRARY OF CONGRESS CALL NUMBER
Classification number 690.241 $2 18
100 1# - MAIN ENTRY--PERSONAL NAME
Personal name Pickard, Rob
245 02 - TITLE STATEMENT
Title A review of fiscal measures to benefit heritage conservation
Medium [electronic resource]
260 ## - PUBLICATION, DISTRIBUTION, ETC.
Place of publication, distribution, etc. London
Name of publisher, distributor, etc. RICS
Date of publication, distribution, etc. 2007
490 #0 - SERIES STATEMENT
Series statement RICS Findings in Built and Rural Environments
Volume/sequential designation July 2007
520 ## - SUMMARY, ETC.
Summary, etc. Reviews the use of indirect fiscal incentives for heritage conservation in Western Europe and North America. Provides a summary of comparative fiscal funding mechanisms, considers the challenges facing policy makers, and highlights the benefits and costs of fiscal incentives. Concludes that fiscal measures have a key role to play in heritage conservation, because they offer incentives to occupiers, investors and developers without necessitating actual government expenditure.
590 ## - LOCAL NOTE (RLIN)
Local note KA
651 #4 - SUBJECT ADDED ENTRY--GEOGRAPHIC NAME
Geographic name Europe
651 #4 - SUBJECT ADDED ENTRY--GEOGRAPHIC NAME
Geographic name United States
690 ## - LOCAL SUBJECT ADDED ENTRY--TOPICAL TERM (OCLC, RLIN)
Topical term or geographic name as entry element BUILT ENVIRONMENT-BUILDING MAINTENANCE AND REFURBISHMENT-BUILDING CONSERVATION
700 1# - ADDED ENTRY--PERSONAL NAME
Personal name Pickerill, Tracy
710 2# - ADDED ENTRY--CORPORATE NAME
Corporate name or jurisdiction name as entry element Royal Institution of Chartered Surveyors
Subordinate unit Research
9 (RLIN) 4902
710 2# - ADDED ENTRY--CORPORATE NAME
Corporate name or jurisdiction name as entry element Northampton University
9 (RLIN) 5353
710 2# - ADDED ENTRY--CORPORATE NAME
Corporate name or jurisdiction name as entry element Dublin Institute of Technology
9 (RLIN) 5354
856 40 - ELECTRONIC LOCATION AND ACCESS
Uniform Resource Identifier <a href="https://www.rics.org/site/scripts/download_info.aspx?downloadID=3155">https://www.rics.org/site/scripts/download_info.aspx?downloadID=3155</a>
Public note Broken link - not available
942 ## - ADDED ENTRY ELEMENTS (KOHA)
Suppress in OPAC 0
Holdings
Withdrawn status Lost status Source of classification or shelving scheme Damaged status Not for loan Home library Current library Shelving location Date acquired Total Checkouts Full call number Barcode Date last seen Copy number Price effective from Koha item type
    Dewey Decimal Classification     Virtual Virtual Online 19/09/2007   ONLINE PUBLICATION 140336-2001 06/08/2019 1 06/08/2019 Book